Govt. of
Madhya Pradesh

मध्‍य प्रदेश लोक सेवा आयोग मुख्‍य परीक्षा दर्पणआधुनिकभारत का इतिहास (प्रश्‍न पत्र 1 खंड अ इकाई 2) By: संजय गुप्‍ता (Record no. 66324)

MARC details
000 -LEADER
fixed length control field 00652nam a22001337a 4500
003 - CONTROL NUMBER IDENTIFIER
control field macl
005 - DATE AND TIME OF LATEST TRANSACTION
control field 20231105132641.0
008 - FIXED-LENGTH DATA ELEMENTS--GENERAL INFORMATION
fixed length control field 231105b |||||||| |||| 00| 0 eng d
040 ## - CATALOGING SOURCE
Transcribing agency macl
245 ## - TITLE STATEMENT
Title मध्‍य प्रदेश लोक सेवा आयोग मुख्‍य परीक्षा दर्पणआधुनिकभारत का इतिहास (प्रश्‍न पत्र 1 खंड अ इकाई 2) By: संजय गुप्‍ता
260 ## - PUBLICATION, DISTRIBUTION, ETC. (IMPRINT)
Place of publication, distribution, etc. ग्‍वालियर
Name of publisher, distributor, etc. ग्‍वालियर निर्माण IAS
Date of publication, distribution, etc. 2020
650 ## - SUBJECT ADDED ENTRY--TOPICAL TERM
Topical term or geographic name as entry element इतिहास
942 ## - ADDED ENTRY ELEMENTS (KOHA)
Source of classification or shelving scheme
Koha item type Hindi Books
Holdings
Withdrawn status Lost status Source of classification or shelving scheme Damaged status Not for loan Home library Current library Date acquired Cost, normal purchase price Total Checkouts Barcode Date last seen Date last checked out Price effective from Koha item type
          MACL MACL 05/11/2023 330.00 1 DPI001576 28/04/2024 23/04/2024 05/11/2023 Hindi Books